000
00318nam a2200121Ia 4500
008
220204s9999 xx 000 0 und d
082
_a
632.954+631.4
_b
HAN;1
245
0
_a
Interactions between herbicides and the soil
260
_a
London
_b
Academic
_c
1980
650
_a
Herbicides
700
_a
Hance, R J
942
_c
BK
999
_c
36697
_d
36697